000 00275nam a22001337a 4500
020 _a978-93-85188-17-6
082 _a474
_bPRE/G
100 _aPREMCHAND
245 _aGABAN
260 _aDELHI
_bKAMAL PRAKASHAN
300 _a232
650 _aHINDI STORY
_zINDIA
942 _cBK
999 _c6959
_d6959